[Event "World Rapid 2023"]
[Site "Samarkand UZB"]
[Date "2023.12.26"]
[EventDate "2023.12.26"]
[Round "3.34"]
[Result "0-1"]
[White "Haowen Xue"]
[Black "Fabiano Caruana"]
[WhiteElo "2320"]
[BlackElo "2762"]
[PlyCount "62"]

1. d4 Nf6 2. Nf3 g6 3. g3 Bg7 4. Bg2 O-O 5. c4 d6 6. Nc3 c6 7. O-O Bf5 8.
Qb3 Qb6 9. Be3 Qxb3 10. axb3 Na6 11. Ra4 Nc7 12. h3 h6 13. g4 Bd7 14. b4 b5
15. cxb5 cxb5 16. Ra5 Bc6 17. Rfa1 a6 18. Ne1 Bxg2 19. Kxg2 h5 20. g5 Nd7
21. f3 Rab8 22. d5 Rbc8 23. Bf2 Nb8 24. Nc2 Rfe8 25. R5a2 Ne6 26. h4 Rc4
27. e3 Nc7 28. Be1 Rc8 29. Kf1 f6 30. gxf6 Bxf6 31. Ke2 Kf7 0-1

[Event "World Rapid 2023"]
[Site "Samarkand UZB"]
[Date "2023.12.26"]
[EventDate "2023.12.26"]
[Round "3.11"]
[Result "1-0"]
[White "Sergey Grigoriants"]
[Black "Ian Nepomniachtchi"]
[WhiteElo "2493"]
[BlackElo "2778"]
[PlyCount "120"]

1. e4 e5 2. Nf3 Nc6 3. Bb5 a6 4. Ba4 Nf6 5. O-O Bc5 6. Nc3 b5 7. Bb3 d6 8.
a4 b4 9. Nd5 Bg4 10. c3 Rb8 11. Bc4 O-O 12. h3 Bh5 13. Nxf6+ Qxf6 14. g4
Qg6 15. Nh4 Qf6 16. Nf3 Na5 17. Ba2 Bg6 18. d4 b3 19. Bb1 Ba7 20. Bg5 Qe6
21. d5 Qd7 22. Qe2 h6 23. Bc1 Ra8 24. Bd3 c6 25. Nh4 Bh7 26. dxc6 Qxc6 27.
Nf5 Bxf5 28. gxf5 f6 29. Kh2 d5 30. Rg1 Rf7 31. Bxh6 Rd8 32. Rg6 Kf8 33.
Rxg7 Rxg7 34. Rg1 Rd7 35. Qh5 dxe4 36. Bxg7+ Ke7 37. Qh8 Kd6 38. Be2 Bxf2
39. Qb8+ Qc7 40. Rd1+ Bd4 41. Bf8+ Kd5 42. Qb4 Nc4 43. Qxb3 Rd8 44. Be7 Rb8
45. Bxc4+ Qxc4 46. Qxc4+ Kxc4 47. cxd4 exd4 48. Bxf6 d3 49. Bg5 Kd4 50. Re1
Rxb2+ 51. Kg3 Rb3 52. Bd2 Ke5 53. f6 Kxf6 54. Rxe4 Kf5 55. Kf3 Rb2 56. Rf4+
Kg5 57. h4+ Kh5 58. Ke3 Rb3 59. Rd4 Ra3 60. a5 1-0

[Event "World Rapid 2023"]
[Site "Samarkand UZB"]
[Date "2023.12.26"]
[EventDate "2023.12.26"]
[Round "3.12"]
[Result "0-1"]
[White "Vadim Zvjaginsev"]
[Black "Vladislav Artemiev"]
[WhiteElo "2469"]
[BlackElo "2721"]
[PlyCount "46"]

1. e4 e5 2. Nf3 Nc6 3. g3 Nf6 4. d3 Bc5 5. Bg2 d6 6. O-O a5 7. c3 O-O 8.
Na3 Re8 9. Nc2 h6 10. h3 Ne7 11. Be3 Bxe3 12. Nxe3 c6 13. Qc2 Ng6 14. d4 d5
15. exd5 e4 16. Nd2 cxd5 17. c4 dxc4 18. Rfd1 Be6 19. Nxe4 Nxe4 20. Bxe4
Bxh3 21. Bxg6 fxg6 22. Qxg6 Qd7 23. Nxc4 Qd5 0-1

[Event "World Rapid 2023"]
[Site "Samarkand UZB"]
[Date "2023.12.26"]
[EventDate "2023.12.26"]
[Round "3.13"]
[Result "0-1"]
[White "Tigran K Harutyunyan"]
[Black "R Praggnanandhaa"]
[WhiteElo "2441"]
[BlackElo "2706"]
[PlyCount "40"]

1. d4 Nf6 2. Nf3 d5 3. c4 e6 4. g3 Bb4+ 5. Nc3 dxc4 6. Bg2 Nc6 7. O-O O-O
8. Re1 Nd5 9. Bg5 Be7 10. Bxe7 Qxe7 11. e4 Nxc3 12. bxc3 e5 13. Qa4 exd4
14. cxd4 Bg4 15. d5 Nb4 16. Rab1 a5 17. Qb5 Bxf3 18. Bxf3 Nc2 19. Qxc4 Nxe1
20. Rxe1 c6 0-1

[Event "World Rapid 2023"]
[Site "Samarkand UZB"]
[Date "2023.12.26"]
[EventDate "2023.12.26"]
[Round "3.14"]
[Result "1/2-1/2"]
[White "Jens Hirneise"]
[Black "Anish Giri"]
[WhiteElo "2436"]
[BlackElo "2698"]
[PlyCount "202"]

1. e4 c5 2. c3 d5 3. exd5 Qxd5 4. d4 Nf6 5. Nf3 e6 6. Bd3 Be7 7. O-O O-O 8.
Qe2 Nc6 9. Rd1 Qh5 10. Be3 b6 11. Nbd2 Nd5 12. Nf1 Nxe3 13. Ng3 Qh6 14.
Qxe3 Qxe3 15. fxe3 Bb7 16. Be4 Rab8 17. Kf2 Rfd8 18. d5 exd5 19. Bxd5 g6
20. e4 Kg7 21. Rd2 Rd7 22. Rad1 Bf6 23. Nf1 h5 24. Ne3 b5 25. Bxc6 Rxd2+
26. Rxd2 Bxc6 27. Nd5 Bd8 28. Ne5 Be8 29. Nd3 Rc8 30. Ne5 a5 31. c4 b4 32.
Nf3 a4 33. e5 Rb8 34. Nf4 Be7 35. Nd5 Bd8 36. Nf4 Kf8 37. e6 f6 38. Nd5 Be7
39. h3 Rc8 40. g4 hxg4 41. hxg4 Rc6 42. Re2 Rd6 43. Nd2 Bc6 44. Ne4 Rxe6
45. Nxe7 Kxe7 46. Nxc5 Rxe2+ 47. Kxe2 Kd6 48. Nd3 Bd7 49. Kf3 b3 50. axb3
axb3 51. Nc1 Kc5 52. Nxb3+ Kxc4 53. Nc1 g5 54. Ne2 Kd3 55. Ng3 Kd4 56. Nh5
Ke5 57. b4 Ba4 58. Ng7 Bc6+ 59. Kg3 Bd7 60. Kf3 Kd4 61. Nh5 Bc6+ 62. Kg3
Ke5 63. Ng7 Ba4 64. Kf3 Bd1+ 65. Kg3 Be2 66. Ne8 Bd3 67. Kf3 Bb5 68. Ng7
Bc6+ 69. Kg3 Bd7 70. Kf3 Kd6 71. Nh5 Ke6 72. Ng7+ Kd6 73. Nh5 Bc6+ 74. Kg3
Ke7 75. Ng7 Bd7 76. Kf3 Kf7 77. Nh5 Ba4 78. Ke2 Ke6 79. Ng3 Kd5 80. Nh5 Ke5
81. Ng3 Bd7 82. Kf3 Kd4 83. Nh5 Bc6+ 84. Kg3 Ke5 85. Ng7 Bb5 86. Nh5 Bd3
87. Ng7 Bg6 88. Kf3 Kd4 89. Kg3 Bd3 90. Nh5 Ke5 91. Ng7 Bb5 92. Nh5 Be2 93.
Ng7 Kd5 94. Ne8 Ke5 95. Ng7 Bd3 96. Nh5 Bg6 97. Ng7 Kd6 98. Kf3 Bd3 99. Nh5
Ke6 100. Ng7+ Kf7 101. Nh5 Bb5 1/2-1/2

[Event "World Rapid 2023"]
[Site "Samarkand UZB"]
[Date "2023.12.26"]
[EventDate "2023.12.26"]
[Round "3.15"]
[Result "1-0"]
[White "Teimour Radjabov"]
[Black "Johan-Sebastian Christiansen"]
[WhiteElo "2691"]
[BlackElo "2494"]
[PlyCount "98"]

1. e4 e5 2. Nf3 Nc6 3. Bc4 Nf6 4. d3 h6 5. Nc3 d6 6. h3 g6 7. O-O Bg7 8.
Be3 O-O 9. a3 Kh7 10. Re1 Be6 11. Bxe6 fxe6 12. Nh2 d5 13. Bd2 Qd7 14. Nf1
Nh5 15. Ng3 Nf4 16. Rf1 Rf7 17. Nce2 Raf8 18. Rb1 g5 19. f3 Rg8 20. b4 Bf8
21. Be3 Ne7 22. d4 exd4 23. Bxd4 Neg6 24. exd5 exd5 25. c3 Bd6 26. Nxf4
gxf4 27. Ne2 Qf5 28. Bf2 Rfg7 29. Nd4 Qh5 30. Qc2 Rf7 31. Kh2 Kh8 32. Rg1
Ne5 33. Rbe1 Rfg7 34. Qf5 Rg5 35. Qe6 R8g6 36. Qe8+ Kh7 37. Kh1 Nd3 38. Re2
Re5 39. Qf7+ Kh8 40. Rf1 Qg5 41. Bh4 Qh5 42. Bf6+ Rxf6 43. Qxf6+ Kg8 44.
Rxe5 Bxe5 45. Qd8+ Kh7 46. Qxd5 Qg6 47. Qd7+ Kh8 48. Nf5 Qa6 49. b5 1-0

[Event "World Rapid 2023"]
[Site "Samarkand UZB"]
[Date "2023.12.26"]
[EventDate "2023.12.26"]
[Round "3.16"]
[Result "1-0"]
[White "AR Saleh Salem"]
[Black "Ilia Iljiushenok"]
[WhiteElo "2644"]
[BlackElo "2480"]
[PlyCount "56"]

1. d4 d5 2. c4 c6 3. Nf3 Nf6 4. Nc3 dxc4 5. e4 b5 6. Be2 e6 7. O-O Bb7 8.
e5 Nd5 9. Ne4 Nd7 10. Bd2 c5 11. b3 cxd4 12. bxc4 N5b6 13. Bg5 f6 14. exf6
Nxf6 15. Nxf6+ gxf6 16. Nxd4 fxg5 17. Bh5+ Kd7 18. Bf3 Bxf3 19. Qxf3 Bd6
20. c5 Rf8 21. Qe4 e5 22. Nxb5 Rf4 23. Qb7+ Ke6 24. Nxd6 Nd5 25. g3 Rb8 26.
Qxh7 Rf6 27. Rad1 Nc3 28. Qh3+ 1-0

[Event "World Rapid 2023"]
[Site "Samarkand UZB"]
[Date "2023.12.26"]
[EventDate "2023.12.26"]
[Round "3.17"]
[Result "1-0"]
[White "Alexey Sarana"]
[Black "Sumiya Bilguun"]
[WhiteElo "2629"]
[BlackElo "2474"]
[PlyCount "96"]

1. d4 d5 2. c4 e6 3. Nc3 a6 4. cxd5 exd5 5. Nf3 Nf6 6. Bf4 Bd6 7. Be5 c6 8.
e3 Bf5 9. Qb3 b5 10. Be2 O-O 11. O-O Qe7 12. Nh4 Bc8 13. Bxd6 Qxd6 14. Qc2
g6 15. Rac1 Nbd7 16. Nb1 Bb7 17. Nd2 a5 18. Nb3 a4 19. Nc5 Nxc5 20. dxc5
Qe7 21. Nf3 Bc8 22. Nd4 Bd7 23. Bf3 h5 24. h4 Rae8 25. g3 Nh7 26. b3 a3 27.
Kg2 f5 28. b4 Nf6 29. Qd3 Ne4 30. Qxa3 Nd2 31. Rfd1 Ra8 32. Qc3 Nc4 33. a4
Rxa4 34. Ra1 Rfa8 35. Rxa4 Rxa4 36. Ra1 Rxa1 37. Qxa1 Ne5 38. Qa7 Kf8 39.
Be2 Be8 40. Qb8 Nd7 41. Qc8 Ne5 42. Kg1 Qd7 43. Qb8 Qe7 44. Kf1 Kf7 45. Ke1
Kf6 46. Kd2 Nf7 47. Qb6 Qd8 48. Bxb5 Qa8 1-0

[Event "World Rapid 2023"]
[Site "Samarkand UZB"]
[Date "2023.12.26"]
[EventDate "2023.12.26"]
[Round "3.18"]
[Result "1/2-1/2"]
[White "Iturrizaga Bonelli, Eduardo"]
[Black "V Pranav"]
[WhiteElo "2635"]
[BlackElo "2430"]
[PlyCount "40"]

1. c4 e5 2. Nc3 Nc6 3. Nf3 f5 4. d3 Nf6 5. g3 Bb4 6. Bd2 O-O 7. Bg2 d6 8.
O-O Bxc3 9. Bxc3 a5 10. a3 a4 11. Nd2 Qe7 12. e3 Bd7 13. Qc2 Nd8 14. Rae1
Bc6 15. f3 Nf7 16. d4 g6 17. d5 Bd7 18. f4 b5 19. Ne4 Nxe4 20. Bxe4 bxc4
1/2-1/2

[Event "World Rapid 2023"]
[Site "Samarkand UZB"]
[Date "2023.12.26"]
[EventDate "2023.12.26"]
[Round "3.19"]
[Result "1/2-1/2"]
[White "Mukhiddin Madaminov"]
[Black "Haik M Martirosyan"]
[WhiteElo "2337"]
[BlackElo "2575"]
[PlyCount "82"]

1. e4 e5 2. Nf3 Nc6 3. Bb5 Nf6 4. O-O Nxe4 5. Re1 Nd6 6. Nxe5 Be7 7. Bf1
Nxe5 8. Rxe5 O-O 9. d4 Bf6 10. Re1 Nf5 11. c3 d5 12. Bf4 c6 13. Nd2 Bg5 14.
Bxg5 Qxg5 15. Nf3 Qf6 16. Ne5 Nd6 17. a4 a5 18. Bd3 Bf5 19. Qf3 Rfe8 20.
Bxf5 Qxf5 21. Qxf5 Nxf5 22. f3 f6 23. Nd3 h5 24. Kf2 Kf7 25. b3 h4 26. g4
hxg3+ 27. hxg3 Rh8 28. Rh1 Rae8 29. g4 Nd6 30. Rxh8 Rxh8 31. Kg3 Re8 32.
Re1 Rxe1 33. Nxe1 b5 34. Nd3 bxa4 35. bxa4 Nc4 36. Kf2 Ke7 37. Ke2 g5 38.
Nc5 Kd6 39. Kd3 Nb2+ 40. Kc2 Nc4 41. Kd3 1/2-1/2

[Event "World Rapid 2023"]
[Site "Samarkand UZB"]
[Date "2023.12.26"]
[EventDate "2023.12.26"]
[Round "3.20"]
[Result "0-1"]
[White "Gadir Guseinov"]
[Black "Renato Terry"]
[WhiteElo "2631"]
[BlackElo "2471"]
[PlyCount "42"]

1. e4 c6 2. d4 d5 3. Nd2 g6 4. Ngf3 Bg7 5. h3 Nh6 6. Bd3 Na6 7. c3 O-O 8.
O-O Nc7 9. Re1 f6 10. a4 Nf7 11. b3 e5 12. dxe5 fxe5 13. Ba3 Re8 14. Qc2
Qf6 15. Rad1 Be6 16. Bf1 Rad8 17. a5 b6 18. Bb2 Rc8 19. axb6 axb6 20. Ra1
Ra8 21. Bd3 Qe7 0-1

[Event "World Rapid 2023"]
[Site "Samarkand UZB"]
[Date "2023.12.26"]
[EventDate "2023.12.26"]
[Round "3.22"]
[Result "1/2-1/2"]
[White "Hans Moke Niemann"]
[Black "Aleksey Grebnev"]
[WhiteElo "2592"]
[BlackElo "2461"]
[PlyCount "82"]

1. e4 c5 2. Nf3 d6 3. Bb5+ Bd7 4. c4 Nf6 5. Nc3 g6 6. Bxd7+ Qxd7 7. d4 cxd4
8. Nxd4 Bg7 9. f3 Nc6 10. Be3 O-O 11. O-O a6 12. Nb3 Rac8 13. Na4 Qc7 14.
Nb6 Rcd8 15. Qd2 e6 16. Rac1 Nd7 17. Nd5 exd5 18. cxd5 Nc5 19. dxc6 Nxb3
20. axb3 bxc6 21. Rfd1 Qb7 22. b4 d5 23. f4 Rfe8 24. e5 f6 25. exf6 Bxf6
26. Bc5 Re4 27. Re1 Rde8 28. Rxe4 Rxe4 29. Re1 Rxe1+ 30. Qxe1 Kf7 31. Qe2
Be7 32. Qxe7+ Qxe7 33. Bxe7 Kxe7 34. g4 h5 35. h3 hxg4 36. hxg4 Kf6 37. Kf2
Ke6 38. Ke3 Kf6 39. Kd4 Ke6 40. Kc5 Kd7 41. Kd4 1/2-1/2

[Event "World Rapid 2023"]
[Site "Samarkand UZB"]
[Date "2023.12.26"]
[EventDate "2023.12.26"]
[Round "3.23"]
[Result "1-0"]
[White "Sandipan Chanda"]
[Black "Kazybek Nogerbek"]
[WhiteElo "2602"]
[BlackElo "2409"]
[PlyCount "124"]

1. d4 Nf6 2. c4 e6 3. Nc3 d5 4. cxd5 exd5 5. Bg5 Be7 6. e3 h6 7. Bh4 Bg4 8.
f3 Be6 9. Bd3 c5 10. Nge2 Nc6 11. O-O cxd4 12. exd4 O-O 13. Kh1 Nh5 14.
Bxe7 Qxe7 15. g4 Nf6 16. Qd2 Ne8 17. Rae1 Nd6 18. Bb1 Qg5 19. Qd3 g6 20.
Rg1 Kh8 21. f4 Qh4 22. Qf3 f5 23. gxf5 Nxf5 24. Ref1 Qf6 25. Nxd5 Bxd5 26.
Qxd5 Rae8 27. Bxf5 Ne7 28. Qe5 Nxf5 29. Rxg6 Rxe5 30. Rxf6 Ree8 31. Rxf8+
Rxf8 32. Rd1 Ne3 33. Rd3 Nd5 34. Rf3 Kg7 35. Kg2 b5 36. f5 b4 37. Kg3 Kf6
38. Nf4 Ne7 39. Nh5+ Kg5 40. Ng7 Kf6 41. Ne6 Rc8 42. Kf4 Rc2 43. Nc5 Nxf5
44. Ne4+ Kg6 45. Ke5 Nh4 46. Rf4 Ng2 47. Rf6+ Kg7 48. Ra6 Ne3 49. d5 Rxh2
50. Rxa7+ Kg6 51. d6 Rh5+ 52. Kf4 Nf1 53. d7 Rf5+ 54. Kg4 Ne3+ 55. Kg3 Rd5
56. Ra6+ Kf7 57. Kf3 Nf5 58. Rd6 Nxd6 59. d8=Q Rf5+ 60. Ke3 Nc4+ 61. Kd4
Nxb2 62. Nd6+ 1-0

[Event "World Rapid 2023"]
[Site "Samarkand UZB"]
[Date "2023.12.26"]
[EventDate "2023.12.26"]
[Round "3.24"]
[Result "1/2-1/2"]
[White "Artem Pingin"]
[Black "Anton Korobov"]
[WhiteElo "2394"]
[BlackElo "2601"]
[PlyCount "58"]

1. e4 c5 2. Nf3 d6 3. d4 cxd4 4. Nxd4 Nf6 5. Nc3 a6 6. h3 e6 7. g4 b5 8. g5
Nfd7 9. a3 Bb7 10. Be3 Be7 11. h4 Nc6 12. Rg1 Rc8 13. Nxc6 Rxc6 14. Qd4 O-O
15. O-O-O Qa8 16. h5 Rfc8 17. Bd2 Ne5 18. h6 Bf8 19. Rg3 Nc4 20. f4 e5 21.
Qf2 Nxd2 22. Rxd2 exf4 23. Qxf4 Rc5 24. Rf3 R8c7 25. Nd5 Bxd5 26. exd5 Rxd5
27. Bd3 g6 28. Be4 Rxd2 29. Bxa8 1/2-1/2

[Event "World Rapid 2023"]
[Site "Samarkand UZB"]
[Date "2023.12.26"]
[EventDate "2023.12.26"]
[Round "3.25"]
[Result "1/2-1/2"]
[White "Shant Sargsyan"]
[Black "Guha Mitrabha"]
[WhiteElo "2561"]
[BlackElo "2436"]
[PlyCount "114"]

1. d4 Nf6 2. Nf3 e6 3. c4 b6 4. g3 Ba6 5. b3 Bb7 6. Bg2 Bb4+ 7. Bd2 a5 8.
O-O O-O 9. a3 Bxd2 10. Qxd2 d6 11. Qd3 Be4 12. Qe3 Bb7 13. Nc3 Nbd7 14. Qd3
d5 15. Rfd1 Qe7 16. Nd2 c5 17. cxd5 exd5 18. e3 Qe6 19. Rac1 Ba6 20. Qb1
cxd4 21. exd4 Rac8 22. Nf1 Qd6 23. Qb2 Bxf1 24. Rxf1 Rfd8 25. Rfe1 g6 26.
Nb5 Qb8 27. Qd2 Rxc1 28. Qxc1 Re8 29. Rxe8+ Qxe8 30. Nc7 Qe7 31. Nxd5 Nxd5
32. Bxd5 Nf6 33. Bf3 Qd6 34. Qb2 Nd7 35. b4 axb4 36. axb4 Qf6 37. Qc3 Kg7
38. Kg2 Nf8 39. Bd5 h6 40. Qc7 g5 41. b5 Ng6 42. Qd7 Nf8 43. Qe8 Ng6 44.
Bc4 h5 45. Qe4 h4 46. Bd3 hxg3 47. hxg3 Nf8 48. Bc4 Ng6 49. Qe3 Ne7 50. Bd3
Nd5 51. Qe4 Ne7 52. Qe5 Qxe5 53. dxe5 f6 54. exf6+ Kxf6 55. Kf3 Ke5 56. Kg4
Kf6 57. Be4 Nc8 1/2-1/2

[Event "World Rapid 2023"]
[Site "Samarkand UZB"]
[Date "2023.12.26"]
[EventDate "2023.12.26"]
[Round "3.28"]
[Result "1-0"]
[White "David Paravyan"]
[Black "Mohamed Tissir"]
[WhiteElo "2609"]
[BlackElo "2358"]
[PlyCount "58"]

1. e4 c5 2. Nf3 e6 3. d4 cxd4 4. Nxd4 Nc6 5. Nc3 d6 6. Be3 a6 7. f4 Nge7 8.
Nb3 b5 9. Bd3 Bb7 10. O-O Rc8 11. a4 b4 12. Na2 g6 13. Qd2 a5 14. c3 bxc3
15. Nxc3 Bg7 16. f5 Be5 17. fxe6 fxe6 18. Qf2 Kd7 19. Qh4 Qg8 20. Bb5 Ra8
21. Rad1 Kc8 22. Bg5 h6 23. Bf6 g5 24. Qf2 Bxf6 25. Qxf6 Kc7 26. Bxc6 Nxc6
27. Nb5+ Kb8 28. Rxd6 Qh7 29. Nc5 1-0

[Event "World Rapid 2023"]
[Site "Samarkand UZB"]
[Date "2023.12.26"]
[EventDate "2023.12.26"]
[Round "3.29"]
[Result "0-1"]
[White "Artem Uskov"]
[Black "Evgeniy Najer"]
[WhiteElo "2396"]
[BlackElo "2590"]
[PlyCount "92"]

1. e4 e6 2. d4 d5 3. Nc3 Nf6 4. Bg5 h6 5. Bxf6 Qxf6 6. exd5 Bb4 7. dxe6
Bxe6 8. Nf3 O-O 9. Bd3 Bd5 10. O-O Bxf3 11. Qxf3 Qxf3 12. gxf3 Nc6 13. Ne2
Bd6 14. c3 Ne7 15. Ng3 Nd5 16. Be4 Nf4 17. Rfe1 c6 18. Bc2 Rfe8 19. Kf1 Kf8
20. Nf5 Bc7 21. Re4 g6 22. Ng3 f5 23. Re3 Nd5 24. Rxe8+ Rxe8 25. Re1 Rxe1+
26. Kxe1 Kg7 27. Kd2 Kf6 28. b4 Kg5 29. Bd3 a6 30. a3 h5 31. Bc4 Kh4 32.
Bf1 a5 33. Kc2 b5 34. Kd2 a4 35. Bg2 Bf4+ 36. Kc2 Kg5 37. Nf1 Nb6 38. Ne3
Bxh2 39. f4+ Bxf4 40. Bxc6 Bxe3 41. fxe3 Nc4 42. Kd3 Nxa3 43. e4 fxe4+ 44.
Kxe4 h4 45. Kf3 Nb1 46. Ke4 0-1

[Event "World Rapid 2023"]
[Site "Samarkand UZB"]
[Date "2023.12.26"]
[EventDate "2023.12.26"]
[Round "3.30"]
[Result "1/2-1/2"]
[White "Savva Vetokhin"]
[Black "Manuel Petrosyan"]
[WhiteElo "2358"]
[BlackElo "2539"]
[PlyCount "90"]

1. d4 Nf6 2. c4 e6 3. Nf3 d5 4. Nc3 Bb4 5. Bg5 h6 6. Bxf6 Qxf6 7. e3 c5 8.
cxd5 exd5 9. Rc1 c4 10. Be2 Nc6 11. O-O Bxc3 12. bxc3 O-O 13. Nd2 b5 14. e4
Be6 15. a4 a6 16. Bf3 Rfd8 17. axb5 axb5 18. Ra1 Rxa1 19. Qxa1 b4 20. exd5
Bxd5 21. Bxd5 Rxd5 22. Nxc4 bxc3 23. Ne3 Rd8 24. Qxc3 Nxd4 25. Kh1 Qf4 26.
h3 Ne6 27. Qc2 Ng5 28. Qf5 Qxf5 29. Nxf5 Rd2 30. Kg1 Ne4 31. Ng3 Nxg3 32.
fxg3 h5 33. Kh2 g6 34. g4 hxg4 35. hxg4 Kg7 36. Rf3 Rd7 37. Kg3 Kh6 38. Ra3
Rd5 39. Rb3 Kg5 40. Rf3 f6 41. Ra3 Re5 42. Rb3 Re4 43. Rb5+ Re5 44. Rb3 Re4
45. Rb5+ 1/2-1/2

[Event "World Rapid 2023"]
[Site "Samarkand UZB"]
[Date "2023.12.26"]
[EventDate "2023.12.26"]
[Round "3.31"]
[Result "1-0"]
[White "Boris Savchenko"]
[Black "Abdimalik Abdisalimov"]
[WhiteElo "2592"]
[BlackElo "2330"]
[PlyCount "58"]

1. e4 c5 2. Nf3 d6 3. d4 cxd4 4. Nxd4 Nf6 5. Nc3 a6 6. h3 e6 7. g4 h6 8.
Bg2 Be7 9. b3 Nbd7 10. Bb2 Ne5 11. f4 Ng6 12. f5 Nf4 13. Qf3 e5 14. Nde2
Nxg2+ 15. Qxg2 b5 16. O-O-O Bb7 17. Kb1 a5 18. h4 b4 19. g5 Nd7 20. Nd5
Bxd5 21. exd5 hxg5 22. hxg5 Rxh1 23. Rxh1 Bxg5 24. Ng3 Bh6 25. Ne4 Ke7 26.
Bc1 Bxc1 27. Qxg7 Qf8 28. f6+ Kd8 29. Rh8 1-0

[Event "World Rapid 2023"]
[Site "Samarkand UZB"]
[Date "2023.12.26"]
[EventDate "2023.12.26"]
[Round "3.32"]
[Result "0-1"]
[White "Maksim Tsaruk"]
[Black "Giga Quparadze"]
[WhiteElo "2334"]
[BlackElo "2538"]
[PlyCount "106"]

1. e4 c5 2. Nf3 e6 3. d4 cxd4 4. Nxd4 Nc6 5. Nc3 Qc7 6. Be3 a6 7. Be2 Nf6
8. O-O Bb4 9. Na4 Be7 10. Nxc6 bxc6 11. Nb6 Rb8 12. Nxc8 Qxc8 13. Bd4 c5
14. Be5 Rb6 15. b3 Nxe4 16. Bxg7 Rg8 17. Bb2 Bf6 18. Bxf6 Nxf6 19. c4 Qc7
20. Qd2 Rd6 21. Qf4 Ke7 22. Rad1 Qb8 23. Qh4 Qb7 24. g3 Qe4 25. Qxe4 Nxe4
26. Bd3 Nc3 27. Rd2 Nxa2 28. Rfd1 Nc3 29. Bxh7 Nxd1 30. Rxd6 Rxg3+ 31. fxg3
Kxd6 32. Kg2 f5 33. Kf3 Ke5 34. h3 Nc3 35. Bg6 Ne4 36. Be8 Kd6 37. Kf4 Ke7
38. Bh5 Kf6 39. g4 e5+ 40. Ke3 Ng3 41. Be8 f4+ 42. Kf3 Kg5 43. Bxd7 e4+ 44.
Kf2 e3+ 45. Kf3 e2 46. Kf2 f3 47. Bc6 Nh1+ 48. Ke1 Kf4 49. g5 Ke3 50. Bxf3
Kxf3 51. g6 Ke3 52. g7 Nf2 53. g8=Q Nd3# 0-1

[Event "World Rapid 2023"]
[Site "Samarkand UZB"]
[Date "2023.12.26"]
[EventDate "2023.12.26"]
[Round "3.33"]
[Result "0-1"]
[White "Gianmarco Leiva"]
[Black "Aleksandar Indjic"]
[WhiteElo "2351"]
[BlackElo "2547"]
[PlyCount "80"]

1. d4 Nf6 2. Nf3 e6 3. Bf4 d5 4. e3 c5 5. Nbd2 Nc6 6. c3 Nh5 7. Be5 f6 8.
Bg3 g6 9. Be2 cxd4 10. exd4 Nxg3 11. hxg3 e5 12. dxe5 fxe5 13. c4 e4 14.
Nh4 Bh6 15. cxd5 Qxd5 16. Nc4 Nd4 17. Nf5 Bxf5 18. Rxh6 Rd8 19. Ne3 Qa5+
20. Kf1 O-O 21. Qe1 Qb6 22. Bc4+ Kg7 23. Rh4 g5 24. Rh1 Be6 25. Rc1 Rd7 26.
Qc3 Bxc4+ 27. Nxc4 Qf6 28. Qd2 Rdf7 29. Kg1 Qxf2+ 30. Qxf2 Rxf2 31. Rd1
R8f6 32. Rh5 Ne2+ 33. Kh2 Kg6 34. g4 Re6 35. Rd5 h6 36. Ne3 Nf4 37. Rd7
Rxb2 38. Rh3 Nxh3 39. Kxh3 Rxa2 40. Nf5 e3 0-1

[Event "World Rapid 2023"]
[Site "Samarkand UZB"]
[Date "2023.12.26"]
[EventDate "2023.12.26"]
[Round "3.34"]
[Result "0-1"]
[White "Akmal Fayzullaev"]
[Black "Daniel Dardha"]
[WhiteElo "2293"]
[BlackElo "2543"]
[PlyCount "86"]

1. e4 e5 2. Nf3 Nc6 3. Bb5 Nf6 4. d3 Ne7 5. O-O c6 6. Bc4 Ng6 7. Nc3 Be7 8.
d4 d6 9. a4 O-O 10. h3 d5 11. exd5 cxd5 12. Bb3 e4 13. Ne5 Be6 14. Bg5 Qd6
15. Nxg6 hxg6 16. Qd2 Rad8 17. Rae1 Nh5 18. Bxe7 Qxe7 19. f3 f5 20. fxe4
dxe4 21. d5 Bf7 22. Qe3 Qe5 23. Qxa7 Ng3 24. Rf2 f4 25. Qxb7 e3 26. Rf3 Nf5
27. Qb4 Nd4 28. Kh2 g5 29. Rd1 Nxf3+ 30. gxf3 Rfe8 31. Kg2 Qf6 32. Qb5 Qh6
33. Qe2 Rd6 34. Nb5 Rg6 35. d6 Bxb3 36. cxb3 Rd8 37. a5 Qh4 38. Qe1 Qh5 39.
Qe2 Rh6 40. Rh1 g4 41. fxg4 Qd5+ 42. Kh2 Rxh3+ 43. Kxh3 Qxh1+ 0-1

[Event "World Rapid 2023"]
[Site "Samarkand UZB"]
[Date "2023.12.26"]
[EventDate "2023.12.26"]
[Round "3.35"]
[Result "1-0"]
[White "Mikhail Markov"]
[Black "Andrew Hong"]
[WhiteElo "2266"]
[BlackElo "2539"]
[PlyCount "144"]

1. c4 e6 2. Nf3 d5 3. g3 dxc4 4. Qa4+ Nd7 5. Qxc4 a6 6. Bg2 b5 7. Qc2 Bb7
8. O-O Ngf6 9. d3 c5 10. b3 Be7 11. Bb2 O-O 12. Nbd2 Rc8 13. e4 Qb6 14. a4
Nb8 15. Ne5 Rfd8 16. Bc3 Nc6 17. Nxc6 Qxc6 18. Rfd1 Nd7 19. axb5 axb5 20.
Ba5 Re8 21. Bc3 e5 22. Bh3 Bd6 23. Nf1 Ra8 24. Ne3 h5 25. Rxa8 Rxa8 26. Ra1
Rd8 27. Nd5 b4 28. Bb2 Nb6 29. Ne3 g6 30. Ra5 Qc7 31. Ra7 Qb8 32. Ra5 Bf8
33. Bf1 Qd6 34. Ra7 Bc8 35. Qc1 Be6 36. Qa1 Bg7 37. Nc4 Nxc4 38. bxc4 h4
39. f4 hxg3 40. hxg3 Bg4 41. fxe5 Qe6 42. Qa5 Rc8 43. Rc7 Bf8 44. Qa7 Bd1
45. Rxc8 Qxc8 46. Kf2 Qg4 47. e6 Qxe6 48. Qb8 f6 49. Bg2 Kf7 50. e5 Qf5+
51. Kg1 fxe5 52. Bd5+ Kg7 53. Bxe5+ Kh6 54. Be4 Qf7 55. Qd8 Qe7 56. Qb8 Bg7
57. Bf4+ Kh7 58. Qb6 Bd4+ 59. Kg2 Qf7 60. Qd8 Bf6 61. Qc8 Kg7 62. Bd5 b3
63. Bxf7 Kxf7 64. Qc7+ Ke6 65. Qd6+ Kf7 66. Be5 Be7 67. Qd5+ Ke8 68. Qg8+
Kd7 69. Qxg6 Bc2 70. Qe4 Ke6 71. g4 Bb1 72. Qf5# 1-0

[Event "World Rapid 2023"]
[Site "Samarkand UZB"]
[Date "2023.12.26"]
[EventDate "2023.12.26"]
[Round "3.36"]
[Result "1-0"]
[White "Levan Pantsulaia"]
[Black "Saidakbar Saydaliev"]
[WhiteElo "2538"]
[BlackElo "2316"]
[PlyCount "54"]

1. Nf3 Nf6 2. g3 d5 3. Bg2 e6 4. O-O Be7 5. c4 O-O 6. b3 c5 7. e3 Nc6 8.
Bb2 b6 9. Nc3 Bb7 10. cxd5 exd5 11. d4 Re8 12. Rc1 Bf8 13. Qd3 Rc8 14. dxc5
bxc5 15. Rfd1 Qa5 16. Nxd5 Ne4 17. Nh4 Qxa2 18. Bxe4 Qxb2 19. Bxh7+ Kh8 20.
Qf5 Qe5 21. Qxf7 Kxh7 22. Qxb7 Red8 23. Qf7 Rd6 24. Nf3 Qe8 25. Ng5+ Kh8
26. Rc4 Rh6 27. Qxe8 1-0

[Event "World Rapid 2023"]
[Site "Samarkand UZB"]
[Date "2023.12.26"]
[EventDate "2023.12.26"]
[Round "3.37"]
[Result "1-0"]
[White "Mukhammadali Abdurakhmonov"]
[Black "Arystanbek Urazayev"]
[WhiteElo "2236"]
[BlackElo "2535"]
[PlyCount "52"]

1. d4 d5 2. Bf4 Nf6 3. e3 e6 4. Nf3 c5 5. Nbd2 Nc6 6. Bb5 Qb6 7. c4 dxc4 8.
Qa4 Bd7 9. Nxc4 Qd8 10. dxc5 Bxc5 11. Nfe5 O-O 12. Bxc6 Bxc6 13. Nxc6 bxc6
14. O-O Nd5 15. Bg3 Rc8 16. Rfd1 Qe7 17. Rac1 Rfd8 18. h3 h6 19. Ne5 Nb6
20. Rxd8+ Qxd8 21. Qxa7 Qf8 22. Rxc5 Qxc5 23. Qxf7+ Kh8 24. Ng6+ Kh7 25.
Be5 Rg8 26. Ne7 1-0

[Event "World Rapid 2023"]
[Site "Samarkand UZB"]
[Date "2023.12.26"]
[EventDate "2023.12.26"]
[Round "3.38"]
[Result "1-0"]
[White "Vladislav Kovalev"]
[Black "Benjamin Haldorsen"]
[WhiteElo "2532"]
[BlackElo "2349"]
[PlyCount "142"]

1. e4 c5 2. Nf3 e6 3. c3 d5 4. exd5 Qxd5 5. d4 Nf6 6. Na3 Qd8 7. Be2 Nc6 8.
Nc2 cxd4 9. Ncxd4 Bd7 10. O-O Be7 11. Nxc6 Bxc6 12. Ne5 Qxd1 13. Rxd1 O-O
14. Nxc6 bxc6 15. Bf3 Rfc8 16. c4 a5 17. Bf4 Ra6 18. Rd3 Rb6 19. Be5 h6 20.
Rad1 a4 21. Kf1 Ne8 22. b3 Nf6 23. g4 axb3 24. axb3 Ra8 25. h4 Nh7 26. Bc7
Rba6 27. Bg3 Nf6 28. Kg2 g6 29. Be5 Ne8 30. Kh3 Bf6 31. Bg3 Rb6 32. Bf4 g5
33. Be3 Rba6 34. b4 Rb8 35. hxg5 hxg5 36. Bc5 Kg7 37. Kg2 Rc8 38. Rd7 Rb8
39. R1d3 Kg8 40. Be4 Kg7 41. Rh3 Kg8 42. Rf3 Kg7 43. Rfd3 Kg8 44. Bf3 Kg7
45. Kh3 Kg8 46. Re3 Bd8 47. Rb3 Nf6 48. Ra7 Rxa7 49. Bxa7 Ra8 50. Be3 Ra6
51. Bxg5 Kg7 52. Be3 Nd7 53. Rd3 Ne5 54. Rxd8 Nxf3 55. Kg3 Ne5 56. Bd4 f6
57. Bxe5 fxe5 58. Rd6 Kf6 59. b5 Ra3+ 60. Kg2 cxb5 61. cxb5 Rb3 62. Rb6 e4
63. Rb8 Ke5 64. b6 Rf3 65. b7 Rf7 66. Kg3 Rh7 67. g5 Rd7 68. Kg4 Kd6 69. g6
Kc7 70. Rf8 Kxb7 71. Rf7 1-0